Reference Manual : Philosophy (Record no. 166156)

MARC details
000 -LEADER
fixed length control field 00391nam a22001457a 4500
008 - FIXED-LENGTH DATA ELEMENTS--GENERAL INFORMATION
fixed length control field 190715b ||||| |||| 00| 0 eng d
020 ## - INTERNATIONAL STANDARD BOOK NUMBER
International Standard Book Number 8188583642
040 ## - CATALOGING SOURCE
Original cataloging agency DPL
Language of cataloging English
050 ## - LIBRARY OF CONGRESS CALL NUMBER
DPL Classification number 180 RET
082 ## - DEWEY DECIMAL CLASSIFICATION NUMBER
Classification number 180 RET
245 ## - TITLE STATEMENT
Title Reference Manual : Philosophy
260 ## - PUBLICATION, DISTRIBUTION, ETC. (IMPRINT)
Place of publication, distribution, etc New Delhi
Name of publisher, distributor, etc Reference Press
300 ## - PHYSICAL DESCRIPTION
Extent Vii, 352
Dimensions 22 cm.
942 ## - ADDED ENTRY ELEMENTS (KOHA)
Source of classification or shelving scheme Dewey Decimal Classification
Item type English Books
Classification part 180
Call number suffix RET
Holdings
Withdrawn status Lost status Source of classification or shelving scheme Damaged status Not for loan Collection code Home library Current library Date acquired Source of acquisition Cost, normal purchase price Total Checkouts Full call number Barcode Date last seen Cost, replacement price Koha item type
    Dewey Decimal Classification     Non-fiction Kadipur Kadipur 15/07/2019 BPPD/PUB 750.00   180 RET B-159854 15/07/2019 750.00 English Books

© Delhi Public Library
Hit Counter
free hit counter